| 000 | 00473nam a2200181Ia 4500 | ||
|---|---|---|---|
| 001 | 23579 | ||
| 005 | 20260414150946.0 | ||
| 008 | 260414t2017||||xx |||||||||||||| ||spa|| | ||
| 041 | _aESP | ||
| 082 |
_a670.3337 _bM42 |
||
| 100 |
_aMéndez Delgado, Fernando _eAUT |
||
| 245 | 0 |
_aLos procesos industriales y el medio ambiente : _bun nuevo paradigma |
|
| 260 | _c2017 | ||
| 300 |
_a456 páginas : _c24 cm. |
||
| 650 | _aTCA | ||
| 654 | _aCII | ||
| 942 |
_cLIB _dJUS _fJUS _2ddc _n |
||
| 999 |
_c23579 _d23579 |
||